000 00513nam a2200181Ia 4500
008 090124s9999 xx 000 0 und d
082 _b109243
100 _aसाठे शंकर गो.
245 _a ससा आणि कासव
250 _a1
260 _c1961
300 _a107
600 _aसाठे शंकर गो.
630 _a ससा आणि कासव
700 _aसाठे शंकर गो.
730 _a ससा आणि कासव
942 _cBOOK
999 _c155334
_d155334